Modern oktatási módszerek hatékonysága a mai középiskolás fiatalok körében

Bibliográfiai részletek
Szerző: Hermann Viktor
További közreműködők: Oláhné Zieser Zsuzsanna
Dokumentumtípus: Diplomadolgozat
Kulcsszavak:Oktatási módszerek
Online Access:http://dolgozattar.uni-bge.hu/2884

MARC

LEADER 00000nta a2200000 i 4500
001 dolg2884
005 20160303120718.0
008 150514suuuu hu om 000 hun d
040 |a BGE Dolgozattár Repozitórium  |b hun 
041 |a hu 
100 1 |a Hermann Viktor 
245 1 0 |a Modern oktatási módszerek hatékonysága a mai középiskolás fiatalok körében  |c Hermann Viktor  |h [elektronikus dokumentum] 
246 1 1 |a Modern oktatási módszerek hatékonysága a mai középiskolás fiatalok körében 
695 |a Oktatási módszerek 
700 1 |a Oláhné Zieser Zsuzsanna  |e ths 
856 4 0 |u http://dolgozattar.uni-bge.hu/2884/1/Szakdolgozat%20Hermann%20Viktor.pdf  |z Dokumentum-elérés